Österreich Quiz - Statistiken

Allgemein
  • Dieses Quiz wurde 388 mal gespielt
  • Das Durchschnittsergebnis liegt bei 11 aus 12
Antwortstatistiken
Hint Antwort % Korrekt
Hauptstadt Wien
100%
Größte Stadt Wien
100%
Fluss der durch Wien fließt Donau
98%
Bundesländer(Anzahl) 9
97%
berühmtes Energydrink aus Österreich Redbull
95%
Höchster Berg Großglockner
93%
Bundeskanzler seit 2019 Sebastian Kurz
91%
berühmter Formel 1 Rennfahrer Niki Lauda
89%
Dom in Wien Stephansdom
88%
Stadt in der Hitler geboren wurde Braunau
76%
Herrschergeschlecht welches Österreich-Ungarn regierte Habsburger
76%
Größter See Österreichs Bodensee
75%
Keine übereinstimmenden Quizze gefunden
Verteilung der Resultate
Anzahl Personen mit jedem Resultat
Perzentil nach korrekt beantworteten Fragen
Ihre Resultats-Entwicklung
Sie haben dieses Quiz noch nicht gespielt